000 00234 a2200109 4500
020 _a9780545458139
041 _aspa
100 _aBarbara Park
245 _aJunie B.Jones es la capitana del dia de juegos
942 _cBK
952 _71
999 _c21751
_d21751